Регионална библиотека "Любен Каравелов" - Русе

Писма (Запис номер 186131)

MARC детайли
000 -Лидер
Контролно поле с фиксирана дължина 01312nam a2200325 c 4500
003 - Код на организацията, давaща контролен номер
Контролно поле BLK
005 - Дата и час на последна редакция
Контролно поле 20231228162022.0
008 - Елементи от данни с фиксирана дължина
fixed length control field 180411b bul|||||r ||||||| ||bul||
010 ## - Наследен системен номер
LC control number KNG00195125000
040 ## - Източник на каталожния запис
Идентификатор на билиотеката - собственик на записа BLK
041 ## - Код за език
Код за езика на текст/звукозапис или на отделно заглавие Български
Код за езика КДБФ Български
080 ## - УДК
Текстов определител УДК Немска литература
УДК код - определител по УДК 821.112.2
УДК определител -6
УДК - код + определител 821.112.2-6
100 ## - Редна дума - Автор
Автор Ман, Томас
R(LIN) 254474
139 ## - Редно поле
Редна дума Ман, Томас
Авторски знак Ман - М 25
245 10 - Сведения за заглавието
Заглавие Писма
Подзаглавни данни Т. 1 -
Редно поле (дума) Томас Ман; с предг. от Жана Николова-Гълъбова; прев. на том Донка Илинова; състав. на том Венцеслав Константинов.
Том Т. 1
257 ## - Страна на издаване
Страна на създаване/издаване Германия
260 ## - Област на издателските данни
-- Варна
Име на издателя, разпространителя и проч. Георги Бакалов
Година на издаване 1988
300 ## - Физическа характеристика
Страници 408 с.
380 ## - Жанр
Жанр Худож. лит.
700 1# - Други автори (авторска отговорност)
Лично име Николова-Гълъбова, Жана
Автороска отговорност (Описва отношението между автора и произведението) с предг. от
9 (RLIN) 369457
700 1# - Други автори (авторска отговорност)
Лично име Илинова, Донка
Автороска отговорност (Описва отношението между автора и произведението) прев. на том
9 (RLIN) 368400
700 1# - Други автори (авторска отговорност)
Лично име Константинов, Венцеслав
Автороска отговорност (Описва отношението между автора и произведението) състав. на том
9 (RLIN) 367608
760 1# - Описание на основната серия
Редна дума на основното описание Ман, Томас
Страници - том 408 с.
Заглавие Т. 1
852 ## - Местоположение
Форматна сигнатура Цб 152705
856 4# - Електронен адрес и достъп
Електронен формат pdf - файл
Път до файла /url/
856 4# - Електронен адрес и достъп
Електронен формат pdf - файл
Път до файла /url/
942 ## - АРТИКУЛИ
Вид на библиотечния материал Книги
Скрит в OPAC Не
944 ## - СЪЗДАВАНЕ И РЕДАКЦИЯ на ЗАПИСА
Създаване/Редакция Създаване
Дата на регистрацията/редакция 03.11.2016
Служител, извършил регистрацията/редакцията 30560
Статус, дата на статуса Геновева Генчева
944 ## - СЪЗДАВАНЕ И РЕДАКЦИЯ на ЗАПИСА
Създаване/Редакция Редакция
Дата на регистрацията/редакция 03.11.2016
Служител, извършил регистрацията/редакцията Станимира_Цанева
999 ## - СИСТЕМНИ КОНТРОЛНИ НОМЕРА
Koha biblionumber 186131
Koha biblioitemnumber 186131
Наличности
Код за отписване Код за изгубен артикул Източник на класификационната схема Код за повреда Коз за рестрикции Код за отдаване Артикулен № Име на библиотеката - собственик Име на библиотеката, в която се намира в момента Статус (Текущо местоположение) Дата на вписване в системата Местоположение - отдел Цена в лева Инвентарен номер Систематично азбучна сигнатура Баркод Номер на екземпляра Цена в евро Служебна бележка Служебен тип на артикула
  Не е изгубен Universal Decimal Classification Не е повреден без рестрикции ползва се в читалня 323572 Регионална библиотека "Любен Каравелов" Русе Регионална библиотека "Любен Каравелов" Русе Хранилище 1988-01-01 Хранилище 3.36 496279 Цб 152705 120000496279 1 1.72 N: стар фонд Дата: 01.01.1988 Книги
Изтеглен Не е изгубен Universal Decimal Classification Не е повреден без рестрикции заемане за дома 323573 Регионална библиотека "Любен Каравелов" Русе Регионална библиотека "Любен Каравелов" Русе Заемна - подръчен фонд 1988-01-01 Заемна - подръчен фонд 0.36 502238 П 830-6/М 25 502238 2 0.18 N: стар фонд Дата: 01.01.1988 Книги
  Не е изгубен Universal Decimal Classification Не е повреден без рестрикции заемане за дома 323574 Регионална библиотека "Любен Каравелов" Русе Регионална библиотека "Любен Каравелов" Русе Заемна - подръчен фонд 1988-01-01 Заемна - подръчен фонд 3.36 502240 П 830-6/М 25 120000502240 3 1.72 N: стар фонд Дата: 01.01.1988 Дата инв: 12.02.2018 Бележки инв: П2018 Книги
Vip Innovations Ltd, Rousse, Bulgaria 2025